| Tag |
First Indicator |
Second Indicator |
Subfields |
| LEADER |
00000cam a22000004a 4500 |
| 001 |
in00002481921 |
| 005 |
20151110041801.0 |
| 008 |
080606s2008 nyu b 001 0 eng |
| 010 |
|
|
|a 2008025419
|
| 020 |
|
|
|a 9781604975420 (alk. paper)
|
| 020 |
|
|
|a 1604975423 (alk. paper)
|
| 035 |
|
|
|a (OCoLC)ocn232636442
|
| 035 |
|
|
|a (OCoLC)232636442
|
| 040 |
|
|
|a DLC
|c DLC
|d YDXCP
|d C#P
|d BWX
|d CDX
|d UtOrBLW
|
| 049 |
|
|
|a TXAM
|
| 050 |
0 |
0 |
|a PN1861
|b .D63 2008
|
| 082 |
0 |
0 |
|a 809.2/04
|2 22
|
| 245 |
0 |
0 |
|a Drama and the postmodern :
|b assessing the limits of metatheatre /
|c edited by Daniel K. Jernigan.
|
| 264 |
|
1 |
|a Amherst, N.Y. :
|b Cambria Press,
|c [2008]
|
| 264 |
|
4 |
|c ©2008
|
| 300 |
|
|
|a ix, 378 pages ;
|c 24 cm.
|
| 336 |
|
|
|a text
|b txt
|2 rdacontent
|
| 337 |
|
|
|a unmediated
|b n
|2 rdamedia
|
| 338 |
|
|
|a volume
|b nc
|2 rdacarrier
|
| 504 |
|
|
|a Includes bibliographical references and index.
|
| 650 |
|
0 |
|a Drama
|y 20th century
|x History and criticism.
|
| 700 |
1 |
|
|a Jernigan, Daniel K.
|
| 938 |
|
|
|a YBP Library Services
|b YANK
|n 2871802
|
| 938 |
|
|
|a Blackwell Book Service
|b BBUS
|n R6751206
|c $119.95
|
| 938 |
|
|
|a Coutts Information Services
|b COUT
|n 8486045
|c 119.95 USD
|
| 945 |
|
|
|a PromptCat
|b 602117
|
| 946 |
|
|
|a stk
|
| 947 |
|
|
|a A14837424591
|
| 994 |
|
|
|a 92
|b TXA
|
| 948 |
|
|
|a cataloged
|b h
|d 2009/1/23
|h c
|e asalazar
|f 1:42:12 pm
|
| 999 |
|
|
|a MARS
|
| 999 |
f |
f |
|s 8addfc89-10f1-3bbe-9bfe-02523f5e2c57
|i ba3719f6-9194-3f65-862c-e7d6b3dedc41
|t 0
|
| 952 |
f |
f |
|p normal
|a Texas A&M University
|b College Station
|c Sterling C. Evans Library
|d Evans: Library Stacks
|t 0
|e PN1861 .D63 2008
|h Library of Congress classification
|i unmediated -- volume
|m A14837424591
|
| 998 |
f |
f |
|a PN1861 .D63 2008
|t 0
|l Evans: Library Stacks
|